Statistiques concernant Capitales littorales en Asie

Cliquez ici pour prendre le quiz!

Statistiques générales

  • Ce quiz a été pris 111 fois
    (97 depuis la dernière actualisation)
  • Le résultat moyen est 9 sur 16

Statistiques - réponses

Capitale en bord de mer% Correct
16Tokyo
92%
12Manille
82%
8Jakarta
76%
4Bangkok
73%
14Singapour
69%
15Taipei
63%
13Mascate
58%
7Doha
57%
6Dili
55%
9Koweït
54%
5Beyrouth
52%
10Malé
45%
11Manama
40%
2Bakou
38%
1Abou Dabi
36%
3Bandar Seri Begawan
27%

Distribution des résultats

Percentile par nombre de réponses

% des personnes avec chaque résultat

Votre développement - résultats

Vous n’avez pas pris ce quiz depuis la dernière actualisation